000 00410 a2200121 4500
001 ART_52860
005 20260410162008.0
008 260409a
245 1 0 _aApostilla al fallo "Guzmán Albarracín" de la Corte Interamericana de Derechos Humanos
100 1 _aTerragni, Martiniano
700 1 _aFreedman, Diego
773 0 _tTemas de derecho civil
_g- Año 7, N° 7 (jul. 2021)
_wREV34778
999 _c31961
_d31961